Market Orientation and Service Quality (Record no. 206665)

MARC details
000 -LEADER
fixed length control field 00567nam a22001937a 4500
005 - DATE AND TIME OF LATEST TRANSACTION
control field 20241024103953.0
010 ## - LCCN (DPL NO)
LC control number ENG-142321
020 ## - INTERNATIONAL STANDARD BOOK NUMBER
Terms of availability 425.00
International Standard Book Number 9789393734327
035 ## - SYSTEM CONTROL NUMBER
System control number EN-125853
037 ## - SOURCE OF ACQUISITION
Source of stock number/acquisition DBAD
082 ## - DEWEY DECIMAL CLASSIFICATION NUMBER
Classification number 658.8
100 ## - MAIN ENTRY--PERSONAL NAME
Personal name Jadon, Renu
245 ## - TITLE STATEMENT
Title Market Orientation and Service Quality
Statement of responsibility, etc Renu Jadon
250 ## - EDITION STATEMENT
Edition statement First
260 ## - PUBLICATION, DISTRIBUTION, ETC. (IMPRINT)
Place of publication, distribution, etc Kolkata
Name of publisher, distributor, etc Exceller Books
Date of publication, distribution, etc 2022
270 ## - ADDRESS
City Kolkata
Address G1, Dream Apartment, Degree College Road, Belgharia,
Postal code 700056
300 ## - PHYSICAL DESCRIPTION
Extent 210p.
Dimensions 21cm(pbk)
942 ## - ADDED ENTRY ELEMENTS (KOHA)
Source of classification or shelving scheme Dewey Decimal Classification
Item type English Books
Classification part 658.8
Call number suffix JAD
Holdings
Withdrawn status Lost status Not for loan Collection code Home library Current library Date acquired Source of acquisition Cost, normal purchase price Full call number Barcode Copy number Cost, replacement price Koha item type
      Non-fiction Bawana Bawana 24/10/2024 DBAD 425.00 658.8 JAD EN-125853 1 425.00 English Books

© Delhi Public Library
Hit Counter
free hit counter